000 00628nam a2200217Ia 4500
005 20241129110046.0
008 241129s9999||||xx |||||||||||||| ||und||
020 _a978-0-8214-2470-4
037 _aTB
040 _aARTS
_beng
_cARTS
041 _aeng
_2eng
084 _aV63y7N18 R2
_qARTS
100 _aLandau Paul S. Au.
_9727061
245 0 _aSpear: mandela and the revolutionaries
_cLandau Paul S. Au.
260 _aOhio, Athens
_bOhio University Press
_c2022
300 _a412p.
365 _aUKP
_b72
650 _aHistory-South Africa
_9727062
942 _cTB
_hV63y7N18 R2
999 _c1227156
_d1227156